[Event "BL 1920 SK Doppelbauer Turm Kiel - Hamb"]
[Site "?"]
[Date "2021.10.16"]
[Round "13.4"]
[White "Bjerre, Jonas Buhl"]
[Black "Heinemann, Thies"]
[Result "1/2-1/2"]
[WhiteElo "2569"]
[BlackElo "2502"]
[PlyCount "105"]
[EventDate "2021.??.??"]

1. e4 c5 2. Nf3 d6 3. d4 cxd4 4. Nxd4 Nf6 5. Nc3 a6 6. Be3 e5 7. Nb3 Be6 8. f3
h5 9. Nd5 Bxd5 10. exd5 Nbd7 11. Qd2 Qc7 12. Rc1 b6 13. Be2 g6 14. O-O Bg7 15.
a4 Qb7 16. c4 a5 17. f4 exf4 18. Bxf4 O-O 19. Bf3 Ne5 20. Nd4 Rfe8 21. Nc6 Nfd7
22. Bh6 Nc5 23. Bxg7 Kxg7 24. Qg5 f6 25. Qg3 Rh8 26. Nd4 Qd7 27. Ne6+ Kf7 28.
Qh4 Qe7 29. Nd4 Ned3 30. Rc2 Qe3+ 31. Kh1 g5 32. Bxh5+ Kg8 33. Qg4 Ne5 34. Qd1
Rxh5 35. Qxh5 Qxd4 36. Rxf6 Ne4 37. Rh6 Nf7 38. Rg6+ Kf8 39. Qf3 Re8 40. h3 Nd2
41. Qd1 Nf3 42. Qxf3 Re1+ 43. Kh2 Qg1+ 44. Kg3 Re3 45. Rf2 Rxf3+ 46. Rxf3 Qe1+
47. Kh2 Qe5+ 48. Kg1 g4 49. hxg4 Qd4+ 50. Kh1 Qh8+ 51. Kg1 Qd4+ 52. Kh1 Qh8+
53. Kg1 1/2-1/2

[Event "BL 1920 SK Doppelbauer Turm Kiel - Hamb"]
[Site "?"]
[Date "2021.10.16"]
[Round "13.5"]
[White "Sebastian, Dirk"]
[Black "Gavrilescu, David"]
[Result "0-1"]
[WhiteElo "2448"]
[BlackElo "2505"]
[PlyCount "160"]
[EventDate "2021.??.??"]

1. e4 e6 2. d4 d5 3. Nd2 c5 4. Ngf3 cxd4 5. Nxd4 Nc6 6. Bb5 Bd7 7. Nxc6 bxc6 8.
Bd3 Qc7 9. Qe2 Ne7 10. O-O Ng6 11. Nf3 Be7 12. e5 c5 13. c3 h6 14. Re1 O-O 15.
h4 f5 16. h5 Nh8 17. Nh2 c4 18. Bc2 Bc5 19. Nf3 Nf7 20. Be3 Rab8 21. Bxc5 Qxc5
22. Rab1 Rb6 23. Nd4 Nd8 24. Qe3 Be8 25. Nxf5 Qxe3 26. Nxe3 Bxh5 27. b3 cxb3
28. Bxb3 Bg6 29. Rbd1 Nc6 30. Re2 Kh8 31. Kh2 Bh5 32. g4 Bg6 33. Kg3 Be4 34. f4
g5 35. Rf2 gxf4+ 36. Rxf4 Rxf4 37. Kxf4 Rb8 38. Nxd5 exd5 39. Bxd5 Bxd5 40.
Rxd5 Rf8+ 41. Ke4 Rg8 42. Rd6 Rxg4+ 43. Kf5 Rc4 44. Rxh6+ Kg7 45. Rh3 Rc5 46.
Ke6 Ra5 47. Re3 Kf8 48. Kd6 Ne7 49. Re2 Ke8 50. Rh2 Nc8+ 51. Kc7 Nb6 52. Kb8
Nd7+ 53. Kb7 Nxe5 54. Rh8+ Kd7 55. Rh7+ Kd6 56. Rh6+ Kc5 57. Ra6 Rb5+ 58. Kc7
Kd5 59. Rxa7 Rc5+ 60. Kb7 Nc4 61. Kb8 Nd6 62. Rh7 Rb5+ 63. Ka7 Kc6 64. Rh6 Ra5+
65. Kb8 Rxa2 66. c4 Rg2 67. Ka7 Rg3 68. Kb8 Rg7 69. c5 Kxc5 70. Ka8 Kc6 71. Kb8
Rd7 72. Rh8 Kb6 73. Rg8 Rb7+ 74. Ka8 Ra7+ 75. Kb8 Rd7 76. Rh8 Nf7 77. Rg8 Ne5
78. Kc8 Re7 79. Rh8 Nc6 80. Rh7 Na7+ 0-1

[Event "BL 1920 SK Doppelbauer Turm Kiel - Hamb"]
[Site "?"]
[Date "2021.10.16"]
[Round "13.6"]
[White "Hector, Jonny"]
[Black "Kramer, Julian"]
[Result "1/2-1/2"]
[WhiteElo "2443"]
[BlackElo "2408"]
[PlyCount "149"]
[EventDate "2021.??.??"]

1. e4 c5 2. Nf3 Nf6 3. Nc3 d6 4. d4 cxd4 5. Nxd4 Nc6 6. Bg5 e6 7. Qd2 a6 8.
O-O-O Bd7 9. f4 h6 10. Bxf6 Qxf6 11. Nf3 Qd8 12. g4 Be7 13. h4 Qc7 14. Rh3
O-O-O 15. Qf2 Kb8 16. Nd2 g5 17. f5 Ne5 18. Be2 Qc5 19. Qf1 gxh4 20. f6 Bf8 21.
Nb3 Qb6 22. Rxh4 Rg8 23. Rd4 Nc6 24. Rd2 Rg6 25. Bd1 Ne5 26. Kb1 Rc8 27. Rf2 a5
28. a4 Qb4 29. Rd2 Rxc3 30. bxc3 Qxa4 31. Be2 Qc6 32. Nxa5 Qxc3 33. Nb3 Nc6 34.
Rh3 Qxf6 35. Qxf6 Rxf6 36. g5 Rg6 37. gxh6 Rxh6 38. Rxh6 Bxh6 39. Rxd6 Kc7 40.
Rd1 Be3 41. Rd3 Bb6 42. Rh3 Ne5 43. Nc1 Bc6 44. Nd3 Kd6 45. Rh5 Bd4 46. Nxe5
Bxe5 47. Bd3 f6 48. Ka2 Kc5 49. c3 b5 50. Kb3 Bb7 51. Rh7 Bc6 52. Rf7 Be8 53.
Re7 Bh5 54. Kc2 b4 55. cxb4+ Kxb4 56. Rxe6 Kc5 57. Kd2 Kd4 58. Bb1 Bf3 59. Ra6
Bf4+ 60. Ke1 Bg3+ 61. Kf1 Be5 62. Kf2 Bd1 63. Ra3 Bg4 64. Ra5 Be6 65. Kf3 Bb3
66. Kg4 Be6+ 67. Kh5 Bf7+ 68. Kh6 Ke3 69. Kg7 Bh5 70. Kh6 Bf3 71. Ra4 Bd4 72.
Kg6 Bxe4+ 73. Bxe4 Kxe4 74. Rxd4+ Kxd4 75. Kxf6 1/2-1/2

[Event "BL 1920 SK Doppelbauer Turm Kiel - Hamb"]
[Site "?"]
[Date "2021.10.16"]
[Round "13.7"]
[White "Meissner, Felix"]
[Black "Pakleza, Zbigniew"]
[Result "1/2-1/2"]
[WhiteElo "2372"]
[BlackElo "2501"]
[PlyCount "40"]
[EventDate "2021.??.??"]

1. e4 c6 2. d4 d5 3. Nc3 dxe4 4. Nxe4 Nf6 5. Nxf6+ gxf6 6. Nf3 Bf5 7. g3 Qd5 8.
Be3 e6 9. c3 Nd7 10. Bg2 Qb5 11. Qb3 Qxb3 12. axb3 Be4 13. b4 a6 14. O-O Nb6
15. Rfe1 h5 16. Nd2 Bxg2 17. Kxg2 Nd5 18. Nc4 O-O-O 19. Kf3 Bd6 20. Bd2 Bc7
1/2-1/2

[Event "BL 1920 SK Doppelbauer Turm Kiel - Hamb"]
[Site "?"]
[Date "2021.10.16"]
[Round "13.8"]
[White "Parvanyan, Ashot"]
[Black "Bracker, Frank"]
[Result "1-0"]
[WhiteElo "2453"]
[BlackElo "2378"]
[PlyCount "63"]
[EventDate "2021.??.??"]

1. Nf3 d5 2. d4 Nf6 3. c4 e6 4. g3 Bb4+ 5. Bd2 Be7 6. Bg2 O-O 7. O-O Nbd7 8.
Qc2 Ne4 9. Be3 c6 10. Nc3 f5 11. Rad1 a5 12. Nxe4 fxe4 13. Nd2 Bg5 14. Qc3 Bf6
15. f3 c5 16. cxd5 exf3 17. Nxf3 exd5 18. Ne5 Qe7 19. Bxd5+ Kh8 20. Ng4 Re8 21.
Bg2 Ra6 22. Nxf6 Nxf6 23. dxc5 Bg4 24. Bd4 Re6 25. Bxf6 gxf6 26. Rd6 Kg7 27.
Qd4 Bxe2 28. Rd7 Bxf1 29. Bxf1 b6 30. Rxe7+ R8xe7 31. cxb6 Rb7 32. Qg4+ 1-0

[Event "BL 1920 USV TU Dresden - SF Berlin"]
[Site "?"]
[Date "2021.10.13"]
[Round "13.1"]
[White "Piorun, Kacper"]
[Black "Nisipeanu, Liviu-Dieter"]
[Result "0-1"]
[WhiteElo "2655"]
[BlackElo "2644"]
[PlyCount "68"]
[EventDate "2021.??.??"]

1. e4 c5 2. Nf3 e6 3. d4 cxd4 4. Nxd4 Nf6 5. Nc3 Nc6 6. Ndb5 d6 7. Bf4 e5 8.
Bg5 a6 9. Na3 b5 10. Nd5 Be7 11. Bxf6 Bxf6 12. c3 Rb8 13. Nc2 Bg5 14. a3 O-O
15. h4 Bh6 16. g4 f6 17. Be2 Kh8 18. Kf1 Ne7 19. Ncb4 Bb7 20. Nxe7 Qxe7 21. Qd3
f5 22. gxf5 Rxf5 23. exf5 Bxh1 24. Nxa6 Rf8 25. Qh3 Be4 26. Bd3 Bxd3+ 27. Qxd3
Qb7 28. Qxd6 Qh1+ 29. Ke2 Qe4+ 30. Kf1 Qxf5 31. Qc5 Qh3+ 32. Ke1 Qh1+ 33. Ke2
Qf3+ 34. Ke1 e4 0-1

[Event "BL 1920 USV TU Dresden - SF Berlin"]
[Site "?"]
[Date "2021.10.13"]
[Round "13.2"]
[White "Gajewski, Grzegorz"]
[Black "Tomczak, Jacek"]
[Result "1/2-1/2"]
[WhiteElo "2608"]
[BlackElo "2589"]
[PlyCount "79"]
[EventDate "2021.??.??"]

1. d4 Nf6 2. c4 g6 3. Nc3 d5 4. cxd5 Nxd5 5. e4 Nxc3 6. bxc3 Bg7 7. Qa4+ Nd7 8.
Nf3 O-O 9. Be2 c5 10. Qa3 Qc7 11. O-O Nf6 12. e5 Nd5 13. dxc5 a5 14. Bd2 Bd7
15. Bc4 e6 16. Bxd5 exd5 17. Rab1 Bf5 18. Rb6 Be4 19. Nd4 Bxe5 20. h3 Rfc8 21.
Be3 Qe7 22. Rd1 Bc7 23. Rxb7 Bh2+ 24. Kxh2 Qxb7 25. Bf4 Qd7 26. f3 Bf5 27. Rd2
Ra6 28. Re2 h6 29. c6 Raxc6 30. Nxc6 Qxc6 31. Bxh6 Qc7+ 32. Kg1 Qxc3 33. Qxc3
Rxc3 34. Re8+ Kh7 35. Bd2 Ra3 36. Ra8 Bb1 37. Bg5 Kg7 38. Ra6 f5 39. Ra7+ Kg8
40. Ra6 1/2-1/2

[Event "BL 1920 USV TU Dresden - SF Berlin"]
[Site "?"]
[Date "2021.10.13"]
[Round "13.3"]
[White "Moroni, Luca Jr"]
[Black "Bartel, Mateusz"]
[Result "1/2-1/2"]
[WhiteElo "2575"]
[BlackElo "2597"]
[PlyCount "166"]
[EventDate "2021.??.??"]

1. d4 e6 2. c4 b6 3. e4 Bb7 4. Bd3 Bb4+ 5. Kf1 Be7 6. Nc3 d6 7. Nf3 Nd7 8. h3
Bf6 9. Be3 Ne7 10. h4 c5 11. d5 Ne5 12. Nxe5 Bxe5 13. f4 Bxc3 14. bxc3 f5 15.
exf5 Nxf5 16. Bf2 O-O 17. Qe2 exd5 18. Qe6+ Kh8 19. cxd5 Rf6 20. Qe4 Qg8 21. c4
Re8 22. Qf3 b5 23. Rb1 Nd4 24. Bxd4 cxd4 25. Re1 Rc8 26. cxb5 Bxd5 27. Qf2 Qf8
28. f5 Bc4 29. Qg3 Bxb5 30. Bxb5 Rxf5+ 31. Kg1 Rxb5 32. Kh2 Re5 33. Rhf1 Qe7
34. Rd1 Re4 35. Rf4 Re2 36. Rf2 Rxf2 37. Qxf2 Qe5+ 38. Kh1 h6 39. Qxd4 Rc1 40.
Qd3 Rxd1+ 41. Qxd1 d5 42. Qg4 h5 43. Qc8+ Kh7 44. Qd8 Kg6 45. a4 d4 46. a5 Kf5
47. Qd7+ Kf4 48. a6 Kg3 49. Qh3+ Kf2 50. Qf3+ Ke1 51. Qa3 Qf4 52. Qa1+ Kf2 53.
Qb2+ Kg3 54. Qa3+ Qe3 55. Qd6+ Kf2 56. Qf8+ Ke2 57. Qxg7 d3 58. Qf7 Qc5 59.
Qe6+ Kd1 60. Qb3+ Kd2 61. Qa2+ Ke3 62. Qe6+ Kd4 63. Qe1 Kd5 64. Qd1 Qd4 65.
Qxh5+ Kc4 66. Qd1 Qxh4+ 67. Kg1 Qd4+ 68. Kf1 Kb5 69. Qb3+ Kxa6 70. Qa3+ Kb5 71.
Qb3+ Kc5 72. Qa3+ Kc6 73. Qa6+ Kd7 74. Qb7+ Kd6 75. Qa6+ Ke7 76. Qb7+ Kf6 77.
Qc6+ Kg5 78. Qb5+ Kg4 79. Qe8 d2 80. Qe6+ Kf4 81. g3+ Kf3 82. Qe2+ Kxg3 83.
Qe3+ Qxe3 1/2-1/2

[Event "BL 1920 USV TU Dresden - SF Berlin"]
[Site "?"]
[Date "2021.10.13"]
[Round "13.4"]
[White "Vogel, Roven"]
[Black "Gumularz, Szymon"]
[Result "1/2-1/2"]
[WhiteElo "2453"]
[BlackElo "2534"]
[PlyCount "82"]
[EventDate "2021.??.??"]

1. d4 e6 2. c4 b6 3. Nf3 Bb7 4. g3 Bb4+ 5. Nbd2 Nf6 6. Bg2 O-O 7. O-O a5 8. Qc2
Bxd2 9. Qxd2 d6 10. Rd1 Nbd7 11. d5 Nc5 12. Nh4 b5 13. Qc2 bxc4 14. dxe6 fxe6
15. Bxb7 Nxb7 16. Qxc4 d5 17. Qc2 c5 18. Bg5 Qb6 19. Bxf6 Rxf6 20. e4 Raf8 21.
Rd2 d4 22. e5 R6f7 23. f4 Qb5 24. Nf3 h6 25. Re1 a4 26. h4 Rd8 27. Rf2 Qc6 28.
Qg6 Qe8 29. Nd2 Rc7 30. h5 Qxg6 31. hxg6 Na5 32. Ne4 Nc6 33. g4 Ne7 34. f5 h5
35. fxe6 Nxg6 36. gxh5 Nf8 37. Kf1 Nxe6 38. Ke2 Rf7 39. Rxf7 Kxf7 40. Kf3 Ke7
41. Rb1 Rf8+ 1/2-1/2

[Event "BL 1920 USV TU Dresden - SF Berlin"]
[Site "?"]
[Date "2021.10.13"]
[Round "13.5"]
[White "Baldauf, Marco"]
[Black "Boensch, Uwe"]
[Result "1/2-1/2"]
[WhiteElo "2511"]
[BlackElo "2508"]
[PlyCount "135"]
[EventDate "2021.??.??"]

1. Nf3 d5 2. d4 Nf6 3. c4 e6 4. Nc3 Be7 5. g3 O-O 6. Bg2 c6 7. O-O Nbd7 8. Qd3
b6 9. e4 Ba6 10. b3 Rc8 11. Rd1 c5 12. exd5 exd5 13. Nb5 Bxb5 14. cxb5 Bd6 15.
Qf5 Re8 16. Bb2 Re2 17. Rd2 g6 18. Qg5 Rxd2 19. Nxd2 cxd4 20. Bxd4 Rc2 21. Bh3
Bc5 22. Nf3 Bxd4 23. Nxd4 Rxf2 24. Re1 Nc5 25. Bg2 Rxa2 26. Rf1 Ncd7 27. Bxd5
Qe7 28. Bc6 Qc5 29. Qxc5 bxc5 30. Nf3 Kf8 31. Ng5 Rb2 32. Ra1 h6 33. Nf3 Rxb3
34. Rxa7 c4 35. Kf2 Nc5 36. Ke2 Nfe4 37. Ne5 Nd6 38. Rc7 Nd3 39. Nd7+ Kg7 40.
b6 Nb4 41. Ba4 Rb2+ 42. Kf3 Nd5 43. Rc6 Nf5 44. Rxc4 Nxb6 45. Nxb6 Rxb6 46. Bc2
Nd6 47. Rd4 Kf6 48. h4 Rc6 49. Bd3 Ke5 50. Ra4 Rc3 51. Ke2 h5 52. Ra5+ Ke6 53.
Ra6 Rc5 54. Ke3 Ke5 55. Ra7 Rc6 56. Ra5+ Ke6 57. Ra7 Rb6 58. Kd4 Rb4+ 59. Ke3
Nc8 60. Ra6+ Ke5 61. Bxg6 fxg6 62. Rxg6 Rb3+ 63. Kf2 Ke4 64. g4 Rb2+ 65. Kg3
Rb3+ 66. Kf2 Rb2+ 67. Kg3 Rb3+ 68. Kf2 1/2-1/2

[Event "BL 1920 USV TU Dresden - SF Berlin"]
[Site "?"]
[Date "2021.10.13"]
[Round "13.6"]
[White "Maiwald, Jens-Uwe"]
[Black "Blohberger, Felix"]
[Result "0-1"]
[WhiteElo "2437"]
[BlackElo "2497"]
[PlyCount "68"]
[EventDate "2021.??.??"]

1. Nf3 d5 2. g3 Bg4 3. Bg2 e6 4. O-O Nf6 5. c4 c6 6. d3 Be7 7. Be3 O-O 8. Qb3
Bxf3 9. Bxf3 Qd7 10. d4 a5 11. Rc1 a4 12. Qd3 Qc7 13. Bf4 Qa5 14. Nd2 Nbd7 15.
a3 Rfd8 16. Qc3 Qa7 17. c5 b5 18. cxb6 Qxb6 19. e4 c5 20. exd5 exd5 21. Be3
Rac8 22. Nf1 h6 23. Rd1 cxd4 24. Qxd4 Qb5 25. Rac1 Bc5 26. Qd2 d4 27. Bf4 g5
28. Bxg5 hxg5 29. Qxg5+ Kh7 30. g4 d3 31. Qf5+ Kh8 32. Ne3 Qxb2 33. g5 Bxe3 34.
fxe3 Rxc1 0-1

[Event "BL 1920 USV TU Dresden - SF Berlin"]
[Site "?"]
[Date "2021.10.13"]
[Round "13.7"]
[White "Jakubowski, Krzysztof"]
[Black "Tischbierek, Raj"]
[Result "1-0"]
[WhiteElo "2459"]
[BlackElo "2438"]
[PlyCount "55"]
[EventDate "2021.??.??"]

1. e4 e6 2. d4 d5 3. Nc3 Bb4 4. e5 Qd7 5. h4 b6 6. h5 h6 7. Qg4 f5 8. Qg3 Ba6
9. Bxa6 Nxa6 10. Nge2 c5 11. a3 Bxc3+ 12. bxc3 Qf7 13. a4 Ne7 14. Qd3 Nb8 15.
a5 bxa5 16. Qb5+ Nd7 17. Rxa5 Rb8 18. Qa4 Nc8 19. dxc5 O-O 20. O-O Nxe5 21. Bf4
Qf6 22. Nd4 Rb7 23. Ra6 Ng4 24. Nxe6 Nb6 25. cxb6 Qxe6 26. bxa7 Qe2 27. a8=Q
Rb1 28. Qxf8+ 1-0

[Event "BL 1920 USV TU Dresden - SF Berlin"]
[Site "?"]
[Date "2021.10.13"]
[Round "13.8"]
[White "Richter, Philipp"]
[Black "Perske, Thore"]
[Result "0-1"]
[WhiteElo "2227"]
[BlackElo "2445"]
[PlyCount "96"]
[EventDate "2021.??.??"]

1. d4 d6 2. c4 e5 3. Nf3 e4 4. Ng5 f5 5. f3 Be7 6. Nh3 Nf6 7. Nc3 c6 8. Qb3 Na6
9. g3 Qb6 10. Qxb6 axb6 11. Bg2 Nb4 12. O-O exf3 13. exf3 Be6 14. b3 d5 15. Bf4
dxc4 16. Rae1 Kd7 17. Ng5 Bg8 18. Bh3 g6 19. Rxe7+ Kxe7 20. Re1+ Kd7 21. Be5
Rf8 22. Nge4 Nxe4 23. Rxe4 Be6 24. Rh4 cxb3 25. axb3 Rhg8 26. Rxh7+ Rf7 27. Rh6
Nd3 28. b4 Nxb4 29. g4 Nd3 30. g5 b5 31. Bf6 Nf4 32. Bf1 Nd5 33. Nxd5 Bxd5 34.
Kf2 b4 35. Bd3 Ke6 36. Be5 c5 37. h4 c4 38. Bb1 c3 39. h5 b3 40. hxg6 Rfg7 41.
Bxg7 Rxg7 42. Bd3 c2 43. Rh1 Rxg6 44. Re1+ Kd6 45. Bxf5 Rxg5 46. Bd3 Rg8 47.
Rh1 Rf8 48. Ke2 Bxf3+ 0-1

[Event "BL 1920 SC Viernheim - SV Werder Bremen"]
[Site "?"]
[Date "2021.10.16"]
[Round "14.1"]
[White "McShane, Luke J"]
[Black "Mamedyarov, Shakhriyar"]
[Result "1/2-1/2"]
[WhiteElo "2676"]
[BlackElo "2765"]
[PlyCount "107"]
[EventDate "2021.??.??"]

1. e4 e5 2. Nf3 Nc6 3. Bb5 a6 4. Bxc6 dxc6 5. O-O Bd6 6. d4 exd4 7. Qxd4 f6 8.
Be3 Ne7 9. Nbd2 Be6 10. Qc3 Qd7 11. Nc4 Bxc4 12. Qxc4 Ng6 13. Nd4 Ne5 14. Qb3
O-O-O 15. f3 Rhe8 16. Rad1 g6 17. Bf2 Bc5 18. c3 Bb6 19. Qc2 Qf7 20. b3 Rd7 21.
h3 Qe7 22. f4 Nf7 23. Rde1 Qd6 24. f5 Ng5 25. h4 c5 26. hxg5 cxd4 27. cxd4 Bxd4
28. Rd1 Bxf2+ 29. Qxf2 Qxd1 30. Rxd1 Rxd1+ 31. Kh2 Rxe4 32. gxf6 Rd8 33. Qc5
Rh4+ 34. Kg1 Rf4 35. fxg6 hxg6 36. Qg5 Rd1+ 37. Kh2 Rdf1 38. Qxg6 b5 39. a4
bxa4 40. Qg8+ Kb7 41. Qd5+ Kb6 42. bxa4 Rxf6 43. a5+ Ka7 44. Qc4 Kb8 45. Qb3+
Kc8 46. Qg8+ Kd7 47. Qh7+ Kd8 48. Qg8+ Ke7 49. Qh7+ Kd8 50. Qg8+ Kd7 51. Qh7+
Kc6 52. Qc2+ Kb7 53. Qb3+ Ka7 54. Qc4 1/2-1/2

[Event "BL 1920 SC Viernheim - SV Werder Bremen"]
[Site "?"]
[Date "2021.10.16"]
[Round "14.2"]
[White "Amin, Bassem"]
[Black "Areshchenko, Alexander"]
[Result "1/2-1/2"]
[WhiteElo "2681"]
[BlackElo "2690"]
[PlyCount "138"]
[EventDate "2021.??.??"]

1. Nf3 c5 2. g3 g6 3. Bg2 Bg7 4. O-O Nc6 5. d3 Nf6 6. e4 d6 7. Re1 e5 8. a4 O-O
9. h3 h6 10. c3 Re8 11. Na3 b6 12. Bd2 d5 13. b4 dxe4 14. dxe4 cxb4 15. cxb4
Bb7 16. Nc4 Rc8 17. Rc1 a6 18. b5 axb5 19. axb5 Nd4 20. Nfxe5 Nh7 21. Be3 Bxe5
22. Nxe5 Rxc1 23. Bxc1 Rxe5 24. Bb2 Rxb5 25. Bxd4 Ng5 26. Qa4 Bc6 27. Qc4 Qa8
28. Rc1 Bd7 29. Kh2 Ne6 30. Be3 h5 31. Qd3 Be8 32. Qd6 Qb7 33. e5 Qd7 34. Qb8
Kh7 35. Rc8 Ng7 36. Bc6 Qxc6 37. Rxc6 Bxc6 38. Qc7 Bd5 39. Qd7 Ra5 40. Bxb6 Be6
41. Qxe6 Nxe6 42. Bxa5 g5 43. g4 hxg4 44. hxg4 Kg6 45. Bc3 Nf4 46. Ba1 Ne6 47.
Kg3 Nf4 48. Kf3 Ne6 49. Ke4 Nc5+ 50. Ke3 Ne6 51. Bd4 Nf4 52. Ke4 Ne6 53. Be3
Nc7 54. Bb6 Ne6 55. Bd4 Nc7 56. Be3 Ne6 57. Kd5 Nc7+ 58. Kc6 Ne6 59. Kd6 Kg7
60. Kd7 Kg6 61. Ke7 Kg7 62. f3 Kg6 63. Bxg5 Nxg5 64. f4 Nf3 65. Kf8 Nd4 66. Kg8
f5 67. exf6 Kxf6 68. f5 Nxf5 69. gxf5 Kxf5 1/2-1/2

[Event "BL 1920 SC Viernheim - SV Werder Bremen"]
[Site "?"]
[Date "2021.10.16"]
[Round "14.3"]
[White "Efimenko, Zahar"]
[Black "Kovalenko, Igor"]
[Result "0-1"]
[WhiteElo "2601"]
[BlackElo "2647"]
[PlyCount "168"]
[EventDate "2021.??.??"]

1. Nf3 d5 2. g3 Nd7 3. d4 Nb6 4. Nbd2 Bf5 5. Nh4 Bg4 6. h3 Bh5 7. Ng2 e6 8. Nf4
Bg6 9. Bg2 c6 10. e4 dxe4 11. Nxg6 hxg6 12. Nxe4 Nf6 13. Ng5 Bd6 14. O-O O-O
15. Qe2 Re8 16. c4 Nbd7 17. Qc2 a5 18. Be3 a4 19. Rad1 Qa5 20. a3 Re7 21. f4
Rae8 22. c5 Bc7 23. Bf2 Nd5 24. Rfe1 N7f6 25. Nf3 Nd7 26. Ne5 Rb8 27. Kh2 Qa8
28. Re4 N7f6 29. Re2 Ree8 30. Rc1 Rbd8 31. Qc4 Nd7 32. Qc2 N7f6 33. Qc4 Re7 34.
Rce1 Nd7 35. Nd3 Qa5 36. Rc1 Rb8 37. Be1 Qa7 38. Bf2 Ree8 39. Qc2 Red8 40. Qd1
Qa6 41. Rec2 N7f6 42. Rc4 Ra8 43. Qc2 Qa7 44. Qd1 Ne7 45. Kg1 Nfd5 46. Qf3 Qb8
47. Re1 Ra5 48. Qe2 Qa8 49. Qc2 Qa6 50. Bf3 Rb8 51. Bd1 b5 52. cxb6 Nxb6 53.
Rc5 Rxc5 54. Nxc5 Qc8 55. Bf3 Bd6 56. Nd3 Qa6 57. Ne5 Nbd5 58. Be2 Qa8 59. Nc4
Bc7 60. Bd1 Rb3 61. Nd2 Rb7 62. Nc4 Qb8 63. Qd3 Ra7 64. h4 Qb5 65. Qc2 Ra8 66.
Be2 Nf5 67. Ne5 Qa5 68. Nxc6 Qb6 69. Bf3 Bd6 70. Bxd5 exd5 71. Ne5 Bxe5 72.
dxe5 Qe6 73. b4 Rc8 74. Qd3 d4 75. g4 Nh6 76. f5 gxf5 77. g5 Ng4 78. Qxd4 Rc2
79. Rf1 Nxe5 80. Qe3 Qd5 81. Qg3 Nf3+ 82. Kh1 Nxh4+ 83. Kg1 Nf3+ 84. Kh1 Nd2+
0-1

[Event "BL 1920 SC Viernheim - SV Werder Bremen"]
[Site "?"]
[Date "2021.10.16"]
[Round "14.4"]
[White "Fedorchuk, Sergey A"]
[Black "Edouard, Romain"]
[Result "1/2-1/2"]
[WhiteElo "2606"]
[BlackElo "2593"]
[PlyCount "145"]
[EventDate "2021.??.??"]

1. e4 e6 2. d4 d5 3. Nd2 c5 4. Ngf3 cxd4 5. Nxd4 Nf6 6. exd5 Qxd5 7. Nb5 Na6 8.
Nc3 Qd6 9. Qe2 Be7 10. Nc4 Qc7 11. g3 Qc6 12. Rg1 Nb4 13. a3 Nbd5 14. Bd2 O-O
15. O-O-O Nxc3 16. Bxc3 Nd5 17. Bd4 b6 18. Bg2 Ba6 19. Qg4 g6 20. Ne3 Rac8 21.
Bxd5 exd5 22. Bc3 Bc4 23. Nf5 Rfe8 24. Nh6+ Kf8 25. Qf4 d4 26. Qxd4 f6 27. Rge1
Rcd8 28. Qf4 Rxd1+ 29. Rxd1 Be2 30. Re1 Qf3 31. Qxf3 Bxf3 32. Re3 Bh5 33. g4 f5
34. gxh5 Bg5 35. Bd2 Bxe3 36. Bxe3 Re4 37. hxg6 hxg6 38. Bg5 Re2 39. Be3 Re1+
40. Kd2 Rh1 41. Bf4 Kg7 42. c4 Kf6 43. Bb8 a5 44. Bc7 Kg7 45. Bf4 Kf6 46. Bc7
Kg7 47. Nxf5+ gxf5 48. Bxb6 Rxh2 49. b4 axb4 50. axb4 Kf7 51. b5 Rh3 52. Be3
Ke6 53. c5 Kd5 54. c6 Kd6 55. Bf4+ Kc5 56. Be5 Ra3 57. c7 Ra8 58. Ke3 Kb6 59.
Kf4 Kb7 60. b6 Ra2 61. Bd4 Ra4 62. Ke5 f4 63. f3 Rb4 64. Kd5 Rb3 65. Ke6 Kc8
66. Kd6 Rd3 67. Kc6 Rc3+ 68. Bc5 Rb3 69. Bd6 Rc3+ 70. Bc5 Rb3 71. b7+ Rxb7 72.
Bb6 Rxc7+ 73. Bxc7 1/2-1/2

[Event "BL 1920 SC Viernheim - SV Werder Bremen"]
[Site "?"]
[Date "2021.10.16"]
[Round "14.5"]
[White "Hracek, Zbynek"]
[Black "Maze, Sebastien"]
[Result "1/2-1/2"]
[WhiteElo "2566"]
[BlackElo "2553"]
[PlyCount "45"]
[EventDate "2021.??.??"]

1. e4 c6 2. d4 d5 3. exd5 cxd5 4. Bd3 Nc6 5. c3 Nf6 6. Bf4 g6 7. Nf3 Bf5 8. O-O
Bxd3 9. Qxd3 Bg7 10. Nbd2 O-O 11. Rfe1 e6 12. h3 a6 13. Ne5 Rc8 14. Nxc6 Rxc6
15. a4 Nd7 16. a5 Re8 17. Nf3 Bf8 18. h4 Qf6 19. Qd2 Qg7 20. h5 f6 21. hxg6
hxg6 22. Re3 g5 23. Bg3 1/2-1/2

[Event "BL 1920 SC Viernheim - SV Werder Bremen"]
[Site "?"]
[Date "2021.10.16"]
[Round "14.6"]
[White "Libiszewski, Fabien"]
[Black "Grigorian, Spartak"]
[Result "1/2-1/2"]
[WhiteElo "2504"]
[BlackElo "2470"]
[PlyCount "43"]
[EventDate "2021.??.??"]

1. e4 c5 2. Nf3 d6 3. d4 Nf6 4. Nc3 cxd4 5. Nxd4 a6 6. Be3 e5 7. Nb3 Be7 8. h3
Be6 9. g4 d5 10. exd5 Nxd5 11. Bg2 Nxe3 12. Qxd8+ Bxd8 13. fxe3 Bh4+ 14. Kf1
Nc6 15. Nc5 Bc4+ 16. Kg1 O-O-O 17. b3 Bg5 18. Re1 Bh4 19. Rb1 Bg5 20. Re1 Bh4
21. Rb1 Bg5 22. Re1 1/2-1/2

[Event "BL 1920 SC Viernheim - SV Werder Bremen"]
[Site "?"]
[Date "2021.10.16"]
[Round "14.7"]
[White "Reuker, Jari"]
[Black "Zaragatski, Ilja"]
[Result "1-0"]
[WhiteElo "2404"]
[BlackElo "2522"]
[PlyCount "119"]
[EventDate "2021.??.??"]

1. d4 d5 2. c4 e6 3. Nc3 c6 4. e4 dxe4 5. Nxe4 c5 6. Nxc5 Nc6 7. Be3 e5 8. dxe5
Qa5+ 9. Qd2 Nb4 10. Nb3 Nc2+ 11. Kd1 Qxd2+ 12. Kxd2 Nxa1 13. Nxa1 Ne7 14. Nc2
Bf5 15. Nd4 O-O-O 16. Kc3 Be4 17. Ngf3 Nc6 18. Nxc6 bxc6 19. Ng5 Bg6 20. Be2
Be7 21. Nf3 Kb7 22. Nd4 c5 23. Nb3 Kb6 24. Nc1 a5 25. a3 a4 26. Nd3 Be4 27. f3
Bb7 28. Bd1 Ra8 29. Bc2 Rhd8 30. Rb1 Kc6 31. Nf4 Kc7 32. Nd5+ Bxd5 33. cxd5
Rxd5 34. Be4 Rad8 35. Bxd5 Rxd5 36. Re1 Kc6 37. Bf4 Rd4 38. Be3 Rd5 39. Bd2 Bd8
40. Kc2 Bc7 41. Bc3 Rd7 42. Re4 Kd5 43. Kd3 g5 44. g3 Re7 45. Rxa4 Bxe5 46. Re4
f6 47. f4 Bd6 48. Rxe7 Bxe7 49. f5 c4+ 50. Ke3 g4 51. a4 h5 52. a5 Bd8 53. a6
Bb6+ 54. Ke2 Ke4 55. Bxf6 Kxf5 56. Bd8 Bd4 57. Bc7 Ba7 58. Ba5 Ke4 59. Be1 Kd5
60. Bf2 1-0

[Event "BL 1920 SC Viernheim - SV Werder Bremen"]
[Site "?"]
[Date "2021.10.16"]
[Round "14.8"]
[White "Beikert, Guenther"]
[Black "Wachinger, Nikolas"]
[Result "0-1"]
[WhiteElo "2396"]
[BlackElo "2313"]
[PlyCount "80"]
[EventDate "2021.??.??"]

1. g3 d5 2. Nf3 Nf6 3. Bg2 e6 4. O-O Be7 5. c4 O-O 6. d4 dxc4 7. Qc2 a6 8. a4
Bd7 9. Qxc4 Bc6 10. Nc3 b5 11. Qd3 b4 12. Nb1 Be4 13. Qe3 c5 14. Nbd2 cxd4 15.
Qxd4 Qxd4 16. Nxd4 Bxg2 17. Kxg2 Rc8 18. N2b3 Nc6 19. Nf3 Ne4 20. Be3 Bf6 21.
Rab1 Ne5 22. Nxe5 Bxe5 23. f3 Nd6 24. Bf4 Rc2 25. Kf2 Bxf4 26. gxf4 Kf8 27. Nd4
Rc4 28. Rfd1 Ke7 29. Rd3 Rac8 30. Rbd1 Rc1 31. Rxc1 Rxc1 32. Nb3 Rh1 33. Rd4
Rxh2+ 34. Ke1 Rh1+ 35. Kd2 h5 36. Rxb4 h4 37. Rb8 h3 38. Nd4 Ne8 39. Nc6+ Kf8
40. Ne5 Rg1 0-1

[Event "BL 1920 OSG Baden-Baden - SV Hockenheim"]
[Site "?"]
[Date "2021.10.16"]
[Round "14.1"]
[White "Inarkiev, Ernesto"]
[Black "Vachier-Lagrave, Maxime"]
[Result "1/2-1/2"]
[WhiteElo "2668"]
[BlackElo "2763"]
[PlyCount "62"]
[EventDate "2021.??.??"]

1. d4 Nf6 2. c4 g6 3. g3 c6 4. Nf3 Bg7 5. Bg2 d5 6. O-O O-O 7. b3 a5 8. Nc3 Ne4
9. Bb2 Nxc3 10. Bxc3 Nd7 11. Rc1 Nb6 12. cxd5 Nxd5 13. Bb2 a4 14. e4 Nf6 15.
Qc2 Qb6 16. Nd2 Be6 17. Nc4 Qb5 18. Ba3 Rfe8 19. Rfd1 axb3 20. axb3 Qh5 21. Bb4
Qb5 22. Ba3 Qh5 23. Bb4 Qb5 24. Qd2 Rad8 25. Qe1 b6 26. Ne5 c5 27. d5 Bxd5 28.
exd5 Qxb4 29. Qxb4 cxb4 30. Nc6 Rd6 31. Nxb4 e6 1/2-1/2

[Event "BL 1920 OSG Baden-Baden - SV Hockenheim"]
[Site "?"]
[Date "2021.10.16"]
[Round "14.2"]
[White "Anand, Viswanathan"]
[Black "Ponomariov, Ruslan"]
[Result "1/2-1/2"]
[WhiteElo "2753"]
[BlackElo "2631"]
[PlyCount "59"]
[EventDate "2021.??.??"]

1. e4 e5 2. Nf3 Nc6 3. Bb5 Nf6 4. d3 Bc5 5. Bxc6 dxc6 6. O-O Qe7 7. Nbd2 Bg4 8.
h3 Bh5 9. Nc4 Nd7 10. a3 a5 11. g4 Bg6 12. b4 Bb6 13. Bd2 axb4 14. axb4 O-O 15.
Bc3 f6 16. Nh4 Bd4 17. Bxd4 exd4 18. Qd2 c5 19. Nxg6 hxg6 20. b5 Rxa1 21. Rxa1
Ne5 22. Nxe5 fxe5 23. Rf1 Rf4 24. Kg2 Qg5 25. Qa5 Rxg4+ 26. hxg4 Qxg4+ 27. Kh2
Qh4+ 28. Kg2 Qg4+ 29. Kh2 Qh4+ 30. Kg2 1/2-1/2